000
00240nam a22001097a 4500
999
_c
261100
_d
261099
020
_a
9780545133821
100
_a
Barbara Robinson
245
_a
The Best Hallowen Ever
260
_a
USA
_b
Scholastic
_c
2004
300
_a
117 pgs
942
_c
BK